| 000 | 01408cam a2200361 a 4500 | ||
|---|---|---|---|
| 001 | 225874730 | ||
| 003 | OCoLC | ||
| 005 | 20260113060437.0 | ||
| 008 | 080419s2008 onc 000 f eng d | ||
| 020 |
_a0778325954 _qpaperback _c$7.99 |
||
| 020 |
_a9780778325956 _qpaperback _c$7.99 |
||
| 024 | 1 | 0 | _a777506007993 |
| 040 |
_aBTCTA _beng _cBTCTA _dBAKER _dWIQ _dSVP _dON8 _dYOL _dUtOrBLW |
||
| 043 |
_an-us-tx _an-us-ak |
||
| 092 | _aR MACOMBER | ||
| 100 | 1 | _aMacomber, Debbie. | |
| 245 | 1 | 0 |
_aSmall town Christmas / _cDebbie Macomber. |
| 264 | 1 |
_aDon Mills, Ont., Canada : _bMira, _c[2008] |
|
| 264 | 4 | _c℗♭2008. | |
| 300 |
_a375 pages ; _c18 cm. |
||
| 336 |
_atext _btxt _2rdacontent. |
||
| 337 |
_aunmediated _bn _2rdamedia. |
||
| 338 |
_avolume _bnc _2rdacarrier. |
||
| 505 | 0 | 0 |
_tReturn to promise -- _tMail-order bride. |
| 520 | _aA two-in-one volume set in Promise, Texas, includes Return to Promise, in which a scheming young woman wreaks havoc on the marriage of Cal and Jane Patterson when she sets her sights on Cal, and Mail-Order Bride, in which Caroline Myers, with the help of her matchmaking aunts, ends up in the hold of Paul Trevor on Christmas. | ||
| 650 | 0 |
_aCountry life _vFiction. |
|
| 651 | 0 |
_aTexas Hill Country (Tex.) _vFiction. |
|
| 651 | 0 |
_aTexas _vFiction. |
|
| 651 | 0 |
_aAlaska _vFiction. |
|
| 655 | 0 | _aChristmas fiction. | |
| 655 | 7 |
_aLove stories. _2gsafd. |
|
| 942 | _cBK | ||
| 999 |
_c31530 _d31528 |
||